000 00540nam a2200181 i 4500
001 128603
003 ES-MaACL
005 20250830103942.0
007 t|
008 070521s1967 sp ||||1| spa d
100 1 _aTanham, George K.
_9109194
245 1 0 _aNacionalismo y revolución /
_cpor George K. Tanham.
260 _aMadrid :
_bEmbajada de los Estados Unidos,
_c1967.
300 _a31 p. ;
_c17 cm.
710 1 _aEstados Unidos.
_bEmbassy (EspaƱa)
_94025
852 _aES-MaACL
_j2054-F-15
_bR.62434
999 _c128603
_d128603